Datum a čas kvízu
34.5
Celkem bodů
Celkový počet nahraných bodů na tomto kvízu bez doplňovacích otázek.
2.
Pořadí na kvízu
Konečné umístění týmu na tomto kvízu.
Zaznamenané odpovědi
| # | Otázka | Odpověď | Body | Výsledky |
|---|---|---|---|---|
| 1. | Kolik korun měl stát podle pův... | 15 000 Kč | 1 | |
| 2. | Která první dáma se minulý týd... | Brigitte Macron | 0 | |
| 3. | „Mí rodiče celý můj život kont... | Beckhamových | 1 | |
| 4. | Nápojářská skupina Kofola zaví... | Nobilis Tilia | 0 | |
| 5. | Minulý týden česká média infor... | plyšovým aligátorem | 0 | |
| 6. | Jak se jmenuje italský horolez... | Reinhold Messner | 1 | |
| 7. | Jak se trojslovně jmenuje disc... | lezení na obtížnost | 1 | |
| 8. | Jak se jedním slovem nazývá ho... | mačky | 1 | |
| 9. | Po půl bodu můžete získat, kdy... | El Capitan, Yosemite | 1 | |
| 10. | Jak se jmenuje fenomenální slo... | B) Janja Garnbret | 1 |